2012-2013 Chiefs Super Rugby Final Teams - Statistics

General Stats
  • This quiz has been taken 91 times
  • The average score is 10 of 21
Answer Stats
Player % Correct
Aaron Cruden
94%
Sonny Bill Williams
88%
Liam Messam
77%
Tawera Kerr-Barlow
75%
Brodie Retallick
70%
Craig Clarke
54%
Tim Nanai-Williams
51%
Hika Elliot
46%
Tanerau Latimer
46%
Lelia Masaga
41%
Ben Tameifuna
39%
Robbie Robinson
39%
Sona Taumalolo
38%
Gareth Anscombe
36%
Charlie Ngatai
32%
Andrew Horrell
30%
Kane Thompson
29%
Mahonri Schwalger
29%
Asaeli Tikoirotuma
26%
Toby Smith
26%
Matt Vant Leven
12%
No matching quizzes found
Score Distribution
Percent of People with Each Score
Percentile by Number Answered
Your Score History
You have not taken this quiz